| 000 | 02166nam a22004932 4500 | ||
|---|---|---|---|
| 001 | 1832355039 | ||
| 003 | DE-627 | ||
| 005 | 20230915212259.0 | ||
| 007 | cr uuu---uuuuu | ||
| 008 | 230125s2013 xx |||||o 00| ||und c | ||
| 020 |
_a9783110319798 _9978-3-11-031979-8 |
||
| 024 | 7 |
_a20.500.12854/79419 _2hdl |
|
| 035 | _a(DE-627)1832355039 | ||
| 035 | _a(DE-599)KEP083841415 | ||
| 035 | _a(OCoLC)865070671 | ||
| 035 | _a(DOAB)79419 | ||
| 035 | _a(EBP)083841415 | ||
| 040 |
_aDE-627 _bger _cDE-627 |
||
| 041 | _aund | ||
| 072 | 7 |
_aJFSR1 _2bicssc |
|
| 245 | 1 | 0 |
_aDas Emanzipationsedikt von 1812 in Preußen _bDer lange Weg der Juden zu "Einländern" und "preußischen Staatsbürgern" |
| 264 | 1 |
_aBerlin ; Boston : _bDe Gruyter, _c2013 |
|
| 300 | _a1 Online-Ressource (390 Seiten) | ||
| 336 |
_aText _btxt _2rdacontent |
||
| 337 |
_aComputermedien _bc _2rdamedia |
||
| 338 |
_aOnline-Ressource _bcr _2rdacarrier |
||
| 490 | 0 |
_aEuropäisch-jüdische Studien - Beiträge _v15 |
|
| 500 | _aE-Book / Open Access | ||
| 500 | _aAuch als Printausgabe vorhanden | ||
| 506 | 0 |
_aOpen Access _fUnrestricted online access _2star |
|
| 506 | _afrei zugänglich / Bitte beachten Sie die Lizenzbestimmungen im Dokument | ||
| 520 | _aTwo-hundred years after the issuance of the Edict concerning the civil rights of Jews in the Prussian state, the thirteen essays in this volume examine the Prussian emancipation model with the benefit of previously unresearched sources. Starting from the situation facing Prussian Jews at the time of King Friedrich II, the contributors explore the question of what new options the Edict opened up for the Jews and which constraints they continued to face as before | ||
| 540 | _aCreative Commons | ||
| 546 | _aGerman | ||
| 648 |
_a1812 _926869 |
||
| 650 |
_aJudenemanzipation _912267 |
||
| 651 | 7 |
_2gnd _aPreußen |
|
| 655 | _aOpen Access | ||
| 700 | 1 |
_aDiekmann, Irene A. _eHerausgeberIn _4edt _926865 |
|
| 776 | 0 | 8 |
_iPrint version: _tDas Emanzipationsedikt von 1812 in Preußen _wht017630397 |
| 856 | 4 | 0 |
_uhttps://directory.doabooks.org/handle/20.500.12854/79419 _zfrei zugänglich |
| 942 |
_2z _cEB |
||
| 999 |
_c63344 _d63344 |
||